LEADER 01280nam a2200289 a 4500 001 000000157764 003 CaOOAMICUS 005 20170111090727.0 008 170111s1975 it u000 u ita r 032 $aLibriCat 040 $aPUL$bita 100 1 $aPetraglio, Renzo,$d1945-$0(OLS)http://pul/name/44212 245 10$aEpulum epulae epulatio nella Volgata : $bconsiderazioni sul latino biblico /$cRenzo Petraglio. 260 $aBrescia :$bMorcelliana,$c©1975. 300 $a192 p. ;$c24 cm. 502 $aTesi -- Universitą di Friburgo/Svizzera. Facoltą di Teologia. 1973. 504 $aBibliografia in nota a pič pagina. 650 4$aLingua latina.$0(OLS)http://pul/subject/295 710 2 $aUniversité de Fribourg.$kTesi.$0(OLS)http://pul/name/100562 850 $aPUL 852 $aPUL$W1$xDP1 Tesi Univ. Friburgo$y37$mTH FRI 91$j181096$qTesi$B184229$CPULBib$Z2$F184229 $H43590 $82 910 $aUniversitą di Friburgo$kTesi$9100562 910 $aUniversität Freiburg (Schweiz).$kTesi$9100562 941 1 $a16 996 $6245$aEpulum epulae epulatio nella Volgata : $bconsiderazioni sul latino biblico$9(OLS)http://pul/title/197363 996 $6260$aBrescia :$bMorcelliana$9(OLS)http://pul/publisher/47854 LEADER 01062nam a2200277 a 4500 001 000000169190 003 CaOOAMICUS 005 20180914122025.0 008 180914s1966 it u000 u ita r 032 $aLibriCat 040 $aPUL$bita 100 1 $aFornari, Franco,$d1921-1985.$0(OLS)http://pul/name/50146 245 10$aPsicanalisi della guerra /$cFranco Fornari. 260 $aMilano :$bFeltrinelli,$c1966. 300 $a226 p. ;$c23 cm. 490 1 $aI fatti e le idee. Saggi e biografie ;$v145 650 4$aGuerra.$0(OLS)http://pul/subject/2029 830 2$aI fatti e le idee (Feltrinelli).$pSaggi e biografie ;$v145.$0(OLS)http://pul/title/2410 850 $aPUL 852 $aPUL$W1$xDP1 Fondo Dalla Palma$y117$m9 B 86$j98911$qFondi$B197168$CPULBib$Z2$F197168 $HDal2479 $81 941 1 $a1 960 $aConflitti$92029 960 $aConflitti$92029 996 $6245$aPsicanalisi della guerra$9(OLS)http://pul/title/209757 996 $6260$aMilano :$bFeltrinelli$9(OLS)http://pul/publisher/48846